El hombre que amaba a los perros /

Guardado en:
Autor Principal: Padura, Leonardo
Formato: Libro
Publicado: Buenos Aires : Tusquets, 2016
Materias:
Etiquetas: Agregar Etiqueta
Sin Etiquetas, Sea el primero en etiquetar este registro!
LEADER 00574nam a22001935a 4500
001 EHU.bham044544
003 AR-BHAM
005 20170307131301.0
008 130507s2016##################000#0#####d
020 |a 9789876700290 
082 C u |a 863.5 
100 1 |a Padura, Leonardo 
245 1 0 |a El hombre que amaba a los perros /  |c  Leonardo Padura 
260 |a Buenos Aires :  |b Tusquets,  |c 2016 
300 |a 768 p. 
600 1 4 |a Trotsky, León 
653 |a Literatura cubana -2000- 
653 |a Novela cubana-2000- 
859 |a AR-BHAM  |b BIB. HUMANIDADES - General  |h Cu863.5  |i P136  |k Cu  |p 806.16  |t Ej.1